[Event "Oberliga Bayern 0809"]
[Site "Bayern"]
[Date "2009.01.18"]
[Round "5.6"]
[White "Scheckenbach, Franz"]
[Black "Zehnter, Sebastian"]
[Result "1-0"]
[WhiteElo "2123"]
[BlackElo "2182"]
[PlyCount "71"]
[EventDate "2008.10.05"]
[EventType "team-tourn"]
[EventRounds "9"]
[EventCountry "GER"]
[SourceTitle "EXT 2020"]
[Source "ChessBase"]
[SourceDate "2019.10.17"]
[SourceVersion "1"]
[SourceVersionDate "2019.10.17"]
[SourceQuality "1"]
[WhiteTeam "Groebenzell"]
[BlackTeam "Wuerzburg"]
[WhiteTeamCountry "GER"]
[BlackTeamCountry "GER"]

1. e4 d5 2. exd5 Nf6 3. Bb5+ Bd7 4. Bc4 b5 5. Bb3 a5 6. a3 Bg4 7. f3 Bc8 8. Nc3 Ba6 9. Nge2 Qd6 10. d4 Nbd7 11. Bf4 Qb6 12. 0-0 g6 13. Re1 Qb7 14. d6 cxd6 15. Ng3 d5 16. Qd2 e6 17. Bh6 Be7 18. Nge2 Nb6 19. Nf4 Nc4 20. Bxc4 dxc4 21. Bg7 Rg8 22. Bxf6 Bxf6 23. Ncd5 Bd8 24. Re5 Kf8 25. Nxe6+ fxe6 26. Nf4 Bf6 27. Nxe6+ Kf7 28. Qf4 Rge8 29. Rae1 Qd7 30. c3 Bb7 31. g4 g5 32. Qf5 Bc6 33. Nxg5+ Kg7 34. Ne6+ Rxe6 35. Rxe6 Rf8 36. Qc5 1-0

[Event "Bayern-chA 79th"]
[Site "Bad Neustadt/Saale"]
[Date "2008.08.31"]
[Round "2"]
[White "Kirch, Daniel"]
[Black "Zehnter, Sebastian"]
[Result "0-1"]
[WhiteElo "2081"]
[BlackElo "2182"]
[PlyCount "48"]
[EventDate "2008.08.30"]
[EventType "swiss"]
[EventRounds "9"]
[EventCountry "GER"]
[SourceTitle "EXT 2015"]
[Source "ChessBase"]
[SourceDate "2014.11.20"]
[SourceVersion "1"]
[SourceVersionDate "2014.11.20"]
[SourceQuality "1"]

1. d4 d5 2. c4 Nc6 3. Nc3 Nf6 4. Nf3 dxc4 5. e4 Bg4 6. Be3 e6 7. Bxc4 Bb4 8. Qc2 0-0 9. a3 Bxc3+ 10. bxc3 Bxf3 11. gxf3 Na5 12. Be2 Nh5 13. e5 f5 14. Qa4 b6 15. f4 Qh4 16. Bf3 Rae8 17. d5 exd5 18. Qd4 Kh8 19. Rg1 c5 20. Qxd5 Rd8 21. Qe6 Nxf4 22. Bxf4 Qxf4 23. Qe7 g6 24. Rd1 Rde8 0-1

[Event "Schweinfurt op"]
[Site "Schweinfurt"]
[Date "2007.05.18"]
[Round "3"]
[White "Zehnter, Sebastian"]
[Black "Seiler, Mario"]
[Result "1-0"]
[WhiteElo "2109"]
[BlackElo "1682"]
[PlyCount "73"]
[EventDate "2007.05.17"]
[EventType "swiss"]
[EventRounds "7"]
[EventCountry "GER"]
[SourceTitle "CBM 118 Extra"]
[Source "ChessBase"]
[SourceDate "2007.07.04"]
[SourceVersion "1"]
[SourceVersionDate "2007.07.04"]
[SourceQuality "1"]

1. e4 c5 2. Nf3 Nc6 3. Bb5 d6 4. Bxc6+ bxc6 5. Qe2 Nf6 6. 0-0 g6 7. h3 Bg7 8. e5 Nd5 9. exd6 Qxd6 10. Na3 0-0 11. d3 Ba6 12. Ng5 e6 13. Qe1 Nb4 14. Ne4 Qe5 15. Qe3 c4 16. dxc4 f5 17. Nc5 Qxe3 18. fxe3 Bc8 19. Rd1 Be5 20. c3 Na6 21. Nb3 c5 22. Nb5 Bb7 23. Bd2 Be4 24. Be1 f4 25. exf4 Bxf4 26. Bf2 Rf6 27. Nxc5 Nxc5 28. Bxc5 a6 29. Nd6 Bc2 30. Re1 Rd8 31. Ne4 Rf5 32. Be7 Rd3 33. c5 Re3 34. Nf2 Rg3 35. Bd6 Rfg5 36. Bxf4 Rxg2+ 37. Kf1 1-0